Detalles MARC
| 000 -LIDER |
| fixed length control field |
01898nam a2200373 a 4500 |
| 001 - NÚMERO DE CONTROL |
| Identificador de número de control |
00159 |
| 003 - IDENTIFICACDOR DE NÚMERO DE CONTROL |
| control field |
DO-SdBNP |
| 005 - DATE AND TIME OF LATEST TRANSACTION |
| control field |
20180313160044.0 |
| 007 - CAMPOS FIJOS DE DESCRIPCIÓN FÍSICA |
| fixed length control field |
00159 |
| 008 - ELEMENTOS DE LONGITUD FIJA |
| fixed length control field |
091118s2001 dr 2001 000 0 spa d |
| 020 ## - ISBN |
| International Standard Book Number |
8482613383 |
| 040 ## - FUENTE DE CATALOGACIÓN |
| Agencia que crea de manera original el registro |
BPMSU |
| Idioma de catalogación |
spa |
| Agencia que realiza la transcripción |
BPMSU |
| 092 ## - LOCALLY ASSIGNED DEWEY DECIMAL CALL NUMBER |
| Número de clasificación |
373.7 |
| Número de ítem (Cutter) |
M425u 1ro. 2001 |
| 245 00 - MENCIÓN DE TITULO |
| Título |
Matemáticas 1 : |
| Subtítulo |
[educación media] / |
| Mención de responsabilidad |
Orelvis Félix...[et al.]; editor Andrés Molina Maloon; ilustraciones Ruddy Núñez |
| 260 ## - PUBLICACIÓN, DISTRIBUCIÓN, ETC. (PIE DE IMPRENTA) |
| Lugar de publicación, distribución, etc |
Santo Domingo, : |
| Nombre del editor, distribuidor, etc. |
Santillana, |
| Fecha de publicación, distribución, etc |
2001. |
| 300 ## - DESCRIPCIÓN FÍSICA |
| Extensión |
279 p. : |
| Otros detalles físicos |
il. |
| Dimensiones |
29 cm. |
| 505 0# - NOTA DE CONTENIDO |
| Título |
Unidad 1.: Lógica simbólica -- |
| -- |
Unidad 2 .: Teoría de conjuntos -- |
| -- |
Unidad 3.: Operaciones conjuntistas -- |
| -- |
Unidad 4 .: Introducción al álgebra -- |
| -- |
Unidad 5.: Operaciones algebraicas -- |
| -- |
Unidad 6.: Factorización de polinomios -- |
| -- |
Unidad 7.: Ecuaciones de primer grado -- |
| -- |
Unidad 8.: Ecuaciones -- |
| -- |
Unidad 9.: Intervalos -- |
| -- |
Unidad 10 .: Fracciones algebraicas -- |
| -- |
Unidad 11. : Los números complejos-- |
| -- |
Unidad 12.: La ecuaciones cuadrática -- |
| 505 0# - NOTA DE CONTENIDO |
| Título |
Unidad 13.: Proporcionalidad y semejanza -- |
| -- |
Unidad 14.: Ángulos. Medidas angulares -- |
| -- |
Unidad 15.: Geometría del espacio -- |
| -- |
Unidad 16.: Estadística y probabilidades |
| 650 ## - ENCABEZAMIENTO DE MATERIA--TEMÁTICO |
| Término temático o nombre geográfico como elemento de entrada |
MATEMÁTICAS |
| Subdivisión temática general |
ENSEÑANZA SECUNDARIA |
| 650 #4 - ENCABEZAMIENTO DE MATERIA--TEMÁTICO |
| Término temático o nombre geográfico como elemento de entrada |
EDUCACIÓN SECUNDARIA |
| Subdivisión geográfica |
REPÚBLICA DOMINICANA |
| 650 #4 - ENCABEZAMIENTO DE MATERIA--TEMÁTICO |
| Término temático o nombre geográfico como elemento de entrada |
MATEMÁTICAS |
| Subdivisión temática general |
ESTUDIOS Y EJERCICIOS |
| 650 #4 - ENCABEZAMIENTO DE MATERIA--TEMÁTICO |
| Término temático o nombre geográfico como elemento de entrada |
MATEMÁTICAS |
| Subdivisión temática general |
LIBROS DE TEXTOS |
| 700 1# - ASIENTO SECUNDARIO -- NOMBRE PERSONAL |
| Nombre personal |
Félix, Orelvis |
| 700 1# - ASIENTO SECUNDARIO -- NOMBRE PERSONAL |
| Nombre personal |
Molina Maloon, Andrés, |
| Mención de responsabilidad |
ed. |
| 700 1# - ASIENTO SECUNDARIO -- NOMBRE PERSONAL |
| Nombre personal |
Núñez, Ruddy |
| Mención de responsabilidad |
il. |
| 910 ## - VALIDACIÓN |
| Validación |
Validado. Control de calidad MFF |
| 930 #1 - EQUIVALENCE OR CROSS-REFERENCE-UNIFORM TITLE HEADING [LOCAL, CANADA] |
| Language of a work |
BND01 |
| Medium of performance for music |
LF1 |
| Field link and sequence number |
20091118 |
| Date of a work |
01 |
| Name of part/section of a work |
HD |
| Miscellaneous information |
7830 |
| 942 ## - ADDED ENTRY ELEMENTS (KOHA) |
| Source of classification or shelving scheme |
Dewey Decimal Classification |
| Koha item type |
Libros |
| 945 ## - INFORMACIÓN DE PROCESAMIENTO LOCAL |
| Información de procesamiento local |
Inventariado, 2018/ YL |
| 956 ## - LOCAL ELECTRONIC LOCATION AND ACCESS (OCLC) |
| Nombre de host |
DGARCIA |
| Número de acceso |
10 |
| Información de compresión |
20150710 |
| Inicio de sesión |
BND01 |
| Procesador de solicitud |
0749 |
| 956 ## - LOCAL ELECTRONIC LOCATION AND ACCESS (OCLC) |
| Nombre de host |
YLOCKWARD |
| Número de acceso |
10 |
| Información de compresión |
20150710 |
| Inicio de sesión |
BND01 |
| Procesador de solicitud |
1128 |
| 956 ## - LOCAL ELECTRONIC LOCATION AND ACCESS (OCLC) |
| Nombre de host |
VMATEO |
| Número de acceso |
10 |
| Información de compresión |
20150727 |
| Inicio de sesión |
BPMSU |
| Procesador de solicitud |
00151 |
| 956 ## - LOCAL ELECTRONIC LOCATION AND ACCESS (OCLC) |
| Nombre de host |
BTAVÁREZ |
| Número de acceso |
10 |
| Información de compresión |
20160407 |
| Inicio de sesión |
BPMSU |
| Procesador de solicitud |
00159 |